000 00406nam a2200145Ia 4500
008 231129s1997||||xx |||||||||||||| ||spa||
020 _a958-04-4197-1
040 _bspa
082 _aA863 C236t
100 _aCaparrós Martí­n
245 0 _aEl tercer cuerpo
260 _c1997
264 _aSantafé de Bogotá Colombia: Grupo Editorial Norma
942 _2ddc
_cBKS
999 _c12529
_d12529